00336nam a22001217a 4500082002700000100002300027245002000050250001300070260005400083300003200137526003700169650000800206 a526.9bSURcL-16, P-39 aSurvey of Pakistan aPlane - tabling aFifth ed aRawlalpindibSurveyor general of Pakistancc 1947 avarious pagesbill.;c20 cm a0b0c0d526_900000000000000_SUR aMCE